<La> théorie générale des surplus nouvelle édition précédée d'un avant-propos de l'auteur

Salvato in:
Dettagli Bibliografici
Autore principale: Allais, Maurice Felix Charles
Natura: Libro
Lingua:francese
Pubblicazione: Grenoble Presses Universitaires de Grenoble 1989
Edizione:2. éd.
Tags: Aggiungi Tag
Nessun Tag, puoi essere il primo ad aggiungerne!!

MARC

LEADER 00000nam$a2200000$$$4500
001 0113157
005 20240111123249.2
020 |a 2-7061-0327-2 
041 0 |a fre 
044 |a FR 
245 1 0 |a <La> théorie générale des surplus  |b nouvelle édition précédée d'un avant-propos de l'auteur  |c Maurice Allais 
250 |a 2. éd. 
264 1 |a Grenoble  |b Presses Universitaires de Grenoble  |c 1989 
300 |a 716 s. 
100 1 |a Allais, Maurice Felix Charles